01688nam a2200289 a 450000100100000000500170001000800410002702000180006804000250008608200240011110000630013524501300019824600830032826000960041130000430050759000260055065000270057665000320060365000560063591000420069195201330073395201330086695201330099995201270113295201220125999900170138100002081720240515114421.0100818s2007 xxubd 000 0 spa d z9788484763222 aDO-SdBNPbspacBNPHU a303.44bP964i, 20071 aPrograma de las Naciones Unidas para el Desarrollo.94364010aInforme sobre desarrollo humano 2007-2008 :bla lucha contra el cambio climático: solidaridad frente a un mundo dividido /.23aLa lucha contra el cambio climático:bsolidaridad frente a un mundo dividido aNew York :bPrograma de las Naciones Unidas para el Desarrollo:bGrupo Mundi-Prensa,c2007. axvi, 386 p. :bmapa. ; diag. ;c28 cm. aInventariado, 2018/BT 4aDesarrollo humano9213 0aCambios climáticos933988 4aEfectos de la contaminación sobre el clima943641 aValidado. Control de calidad. MMOLINA 001054708MOaGRbGRcHDd2018-05-14iLF1l0o303.44 P964i, 2007p20817-30r2020-06-25te.3w2020-06-25y4ZPréstamo en sala 001054708MOaGRbGRcHDd2018-05-14iLF1l0o303.44 P964i, 2007p20817-40r2020-06-25te.4w2020-06-25y4ZPréstamo en sala 001054708MOaGRbGRcHDd2018-05-14iLF1l0o303.44 P964i, 2007p20817-50r2020-06-25te.5w2020-06-25y4ZPréstamo en sala 001050718MOaPDbPDcHDd2010-08-18iLF1l0o303.44 P964i, 2007p20817-10r2020-06-25te.2w2020-06-25y1ZNo se presta 001050718MOaPDbPDcHDd2010-08-18iLF1l0o303.44 P964i, 2007p20817-20r2020-06-25w2020-06-25y1ZNo se presta c20321d20321